000 00349 a2200157 4500
001 70488
020 _a9788572086899
040 _cAnchieta - Itaigara
100 _aAzevado, Ricardo
240 1 0 _aMarinheiro rasgado
_lpor
245 1 0 _aMarinheiro rasgado
300 _a64
362 0 _a2010
650 4 _aLiteratura infanto-juvenil
942 _cBK
999 _c70488
_d70488